00663nas a2200229 4500001001300000003000900013005001700022007000300039008003400042040005400076041000900130072000800139100001700147100001700164245005700181650001000238650001200248650002000260650002400280773009500304856003400399BR2019000635BR-BrBNA20231205131626.0ta230509b bl.|||p| |||| 00| 00por d aBR-BrBNAbporcBiblioteca Nacional de Agricultura a(En) aF631 aYamada, M.M.1 aGuries, R.P.1 aMating system analysis in cacao (Theobroma cacao L.) aCACAU aSEMENTE aPOLINIZAÇÃO aMARCADOR GENÉTICO0 tAgrotrópica (Brazil)xISSN 0103-3816 g(Sep-Dec 1998), v. 10(3) p. 165-176wBR201900063540dLink DSPACE/MAPA BR2019000635